000 00679nam a2200277Ia 4500
005 20260324121940.0
008 008 260324s9999 xx 000 0 eng d
020 _a9780429252211
037 _aEBOOK
040 _aCRL
040 _beng
040 _cCRL
041 _2eng
041 _aeng
084 _qCRL
100 _aFrederick S. Calhoun; Stephen W. Weston J.D.
_91156470
245 0 _aConcepts and Case Studies in Threat Management
260 _bTaylor and Francis
260 _c2013
365 _a
365 _b300
856 _uhttp://www.taylorfrancis.com/books/9780429252211
942 _cEBOOK
999 _c1756915
_d1756915